[Event "Clutch Chess International"]
[Site "Saint Louis"]
[Date "2020.06.07"]
[Round "1.2"]
[White "Caruana, Fabiano"]
[Black "Dominguez Perez, Leinier"]
[Result "1/2-1/2"]
[WhiteElo "2773"]
[BlackElo "2786"]
[Annotator "TA"]
[PlyCount "189"]
[EventDate "2020.06.05"]
[EventType "k.o."]
[EventCountry "USA"]
[SourceTitle "playchess.com"]
[Source "ChessBase"]
[SourceQuality "1"]

{[%evp 17,189,0,12,-31,-17,-56,-22,-32,-29,-26,-11,-16,0,0,5,5,3,5,26,6,13,13,13,13,13,13,12,14,13,14,14,0,13,13,13,13,13,14,16,16,12,12,13,12,41,23,22,22,18,18,49,49,49,49,63,63,63,63,63,63,63,63,63,63,63,63,63,63,63,63,68,68,68,68,68,68,68,68,68,68,65,45,45,44,59,56,80,80,80,63,80,80,80,80,80,80,80,80,80,80,80,78,80,63,63,63,78,63,80,80,80,80,80,8,64,64,64,64,64,63,64,63,64,63,63,63,63,63,63,63,63,63,63,63,78,78,80,80,80,80,80,80,80,80,80,80,80,80,80,80,80,80,80,64,64,64,80,64,80,64,80,78,80,80,80,80,80,0,0,0,0,0,0,0]} 1. d4 Nf6 2. c4 e6 3. Nc3 Bb4 4. Qc2 d5 5. e3 O-O 6. a3 Bxc3+ 7. bxc3 c5 8. Nf3 b6 9. cxd5 exd5 10. Ne5 $5 {[%mdl 4] [#] Exploring less charted territory. E38: Nimzo-Indian: Classical: 4...c5.} Re8 $146 ({Predecessor:} 10... Qc7 11. Bd3 Nc6 12. f4 Bb7 13. O-O Rac8 14. Bf5 Rcd8 15. Bd2 Ne7 16. Bd3 c4 17. Be2 Bc8 {0-1 (34) Rachmadi,H (1842)-Voon,R (2006) Parramatta 2009}) 11. Bd3 Ba6 (11... c4 {is interesting.} 12. Be2 Nbd7 13. Nf3 Qc7 14. O-O Nb8) 12. Bxa6 Nxa6 13. O-O Nb8 {[%cal Ba6b8,Bb8d7,Bd7c5,Bc5e6][%mdl 32]} 14. Bb2 Nbd7 15. c4 cxd4 16. Nc6 $1 {[%cal Rc6d8]} Qc8 17. cxd5 Nxd5 18. Bxd4 Nc5 19. Nb4 Nxb4 20. axb4 Ne6 21. Bc3 Qc4 22. Rfc1 Rec8 23. Qf5 Qb3 24. Qe5 (24. Qe4 {keeps more tension.} Qc4 25. Qf3 Qc6 26. Qf5 Qb7 27. h3) 24... Rc7 {[#] And now ...Rac8 would win.} 25. Be1 Rxc1 26. Rxc1 Rd8 27. h3 h6 28. Kh2 Qd5 29. Qxd5 Rxd5 $11 {[%mdl 4096] Endgame KRB-KRN} 30. g4 h5 31. Kg2 hxg4 32. hxg4 Rd7 33. f4 g6 34. Rc8+ Rd8 $1 {[%cal Rd8c8]} 35. Rc6 Rd3 36. Bc3 Kf8 37. f5 gxf5 38. gxf5 Nd8 39. Rc7 $1 {Hoping for Kf3.} Rxe3 40. Bf6 Ke8 41. b5 Rd3 42. Re7+ Kf8 43. Rxa7 Rd5 {[#]} 44. Ra8 $1 {[%mdl 512]} Ke8 45. Kg3 {Threatens to win with Kf4.} Rd6 46. Be5 Rd5 47. Bc7 {aiming for f6.} Rxf5 48. Bxd8 Rxb5 $14 {KRB-KR} 49. Kf4 Kd7 50. Bf6 Kc6 51. Ke4 Kb7 52. Rf8 Rc5 53. Bd4 Rc6 54. Kd5 Rc7 55. Be5 Rc5+ 56. Kd4 Rc1 57. Rxf7+ Ka6 58. Rf2 Rd1+ 59. Kc4 Rc1+ 60. Kb4 Rb1+ 61. Bb2 Rh1 62. Rd2 Rg1 63. Rd6 Rb1 64. Ka3 Kb5 65. Bd4 (65. Kb3 $16) 65... Ka6 (65... Rd1 $1 $11) 66. Ka4 Kb7 67. Rh6 Ka6 68. Bc3 Kb7 69. Rh8 Ka6 70. Rh7 Rg1 71. Kb3 Rg4 72. Rd7 Kb5 73. Rd5+ Kc6 74. Rh5 Kb7 75. Kc2 Kc6 76. Kd3 Rg1 77. Bd4 Rd1+ 78. Kc3 Kb7 79. Rh7+ Ka6 80. Rh6 Rb1 81. Kc4 Rb5 82. Rh8 Rb1 83. Kd5 Kb7 84. Rh7+ Ka6 85. Be3 Rb3 86. Re7 Rb2 87. Kd6 Rc2 88. Re4 Kb5 89. Kd7 Rc4 90. Re6 Rc2 91. Rxb6+ Kc4 92. Ke6 (92. Kd6 $16) 92... Re2 $11 {The position is equal.} 93. Kd7 Rxe3 94. Re6 Rxe6 95. Kxe6 {Accuracy: White = 95%, Black = 95%.} 1/2-1/2

[Event "Clutch Chess International"]
[Site "Saint Louis"]
[Date "2020.06.06"]
[Round "1.2"]
[White "Xiong, Jeffery"]
[Black "Carlsen, Magnus"]
[Result "0-1"]
[WhiteElo "2730"]
[BlackElo "2881"]
[Annotator "TA"]
[PlyCount "136"]
[EventDate "2020.06.05"]
[EventCountry "USA"]
[SourceTitle "playchess.com"]
[Source "ChessBase"]
[SourceQuality "1"]

{[%evp 9,136,21,38,24,23,15,4,-6,0,-40,-20,-22,-22,-25,-10,-4,15,14,20,20,7,6,6,14,10,20,9,10,11,12,25,14,20,0,0,0,0,0,0,0,0,0,0,0,-7,-6,0,-39,-38,-38,-45,-45,-45,-36,-38,-60,-36,-39,-38,-50,-50,-50,-50,-50,-21,-22,-22,-22,-11,-11,-14,-38,-33,-27,-24,-37,-29,-39,-39,-34,-23,-23,-23,-23,-29,-46,-24,-22,-22,-25,-28,-28,0,0,0,-118,2,-45,0,-58,-64,-122,-122,-122,-122,-122,-12,-12,-12,-12,-31,-60,-53,-122,-122,-122,-122,-122,-122,-122,-122,-122,-122,-29973,-29974,-29974,-29974,-29979,-29979]} 1. d4 d5 2. c4 e6 3. Nc3 Bb4 4. Nf3 Ne7 5. Qc2 dxc4 6. e4 {D31: Queen's Gambit Declined: Semi-Slav without ...Nf6 (+ Marshall Gambit and Noteboom) and Exchange Variation lines without ...Nf6.} b5 7. a4 c6 8. Bd2 {The position is equal.} O-O 9. Be2 Bb7 10. O-O a6 {[#]} 11. Rfd1 $146 ({Predecessor:} 11. b3 cxb3 12. Qxb3 Ba5 13. Rfd1 Nd7 14. Bg5 Nf6 15. Bd3 Bxc3 16. Qxc3 a5 17. Qc2 {½-½ (35) Bitsch,T-Busch,L Hassloch 1997}) 11... Nd7 12. Nxb5 {[%cal Bc3b5,Bb5d6,Bd6b7,Bb7c5][%mdl 32]} Bxd2 13. Nd6 {[%mdl 64] Double Attack} Bb4 14. Nxb7 Qc7 15. Nc5 $1 {[%cal Rc5d7]} Nxc5 16. dxc5 c3 17. bxc3 Bxc5 18. g3 a5 19. Kg2 Ng6 20. Rab1 Rfd8 21. Ne1 Rxd1 22. Rxd1 (22. Bxd1 {with more complications.} Ne5 23. Qe2 Nd7 24. f4 Be7 25. Nf3) 22... Ne5 23. Nd3 Nd7 24. Rb1 g6 25. Qa2 Be7 26. Qc4 Nb6 27. Qb3 Rb8 28. Bf3 c5 $36 {[%mdl 2048] Hoping for ...c4. Black has some pressure.} 29. Qc2 c4 30. Nb2 Qc6 31. Nd1 Nd7 32. e5 Qc5 33. Rxb8+ Nxb8 34. Ne3 Nd7 35. Qe4 Nxe5 ({Much worse is} 35... Qxe5 $6 36. Qb7 $14) 36. Be2 f5 37. Qa8+ Kf7 38. Qa6 Qc6+ 39. Qxc6 Nxc6 40. Bxc4 $11 {[%mdl 4096] Endgame KBN-KBN} Nd8 41. Kf1 Bf6 42. Nd1 Nb7 43. Bb3 Nc5 44. Bc2 e5 45. f3 Ke6 46. Ke2 e4 47. fxe4 fxe4 48. Nf2 Kd5 49. Ke3 Bg5+ 50. Ke2 Bh6 51. h4 Bc1 52. g4 (52. Kd1 $11 {keeps the balance.} Bh6 53. Ke2) 52... Bf4 (52... Ke5 $17) 53. h5 (53. Nxe4 $5 Nxe4 54. Kf3 $11 {[%mdl 64] Double Attack}) 53... Bg3 {[#] Strongly threatening ...Bxf2.} 54. hxg6 ({White should try} 54. Nxe4 $1 $11 {[%mdl 512]} Nxe4 55. Kf3 Nxc3 56. Kxg3) 54... hxg6 $15 {And now ...Bxf2 would win.} 55. Nxe4 ({Better is} 55. Nd1 $15) 55... Nxe4 $17 {[#]} 56. c4+ $1 {[%mdl 512]} Kd4 {...Bd6 is the strong threat.} (56... Kxc4 57. Bxe4) 57. Kf3 Nd2+ (57... Nc5 $17 {White must now prevent ...Bh4.} 58. Kxg3 g5) 58. Kxg3 $11 {KB-KN} g5 59. c5 Kxc5 60. Kf2 Kd4 61. Ke2 {[#]} (61. Bg6 $15) 61... Ne4 $1 $17 62. Kf3 Nc5 63. Ke2 Kc3 64. Bd1 Kb4 65. Ke3 Nxa4 {aiming for ...Nb2.} 66. Kd4 $2 {[%mdl 8192]} (66. Kd2 $17) 66... Nc5 {Black mates.} 67. Bc2 {[#]} Nb3+ $1 68. Ke5 a4 {Accuracy: White = 82%, Black = 86%.} 0-1

[Event "Clutch Chess International"]
[Site "Saint Louis"]
[Date "2020.06.06"]
[Round "1.3"]
[White "Carlsen, Magnus"]
[Black "Xiong, Jeffery"]
[Result "1-0"]
[WhiteElo "2881"]
[BlackElo "2730"]
[Annotator "TA"]
[PlyCount "87"]
[EventDate "2020.06.05"]
[EventCountry "USA"]
[SourceTitle "playchess.com"]
[Source "ChessBase"]
[SourceQuality "1"]

{[%evp 10,87,18,14,16,16,27,4,4,1,8,6,36,22,18,0,0,0,2,4,0,0,10,0,64,66,79,78,71,61,183,147,270,270,214,206,195,189,282,304,634,600,629,640,639,647,642,634,632,629,702,625,718,712,1019,958,2523,2512,2485,2466,1047,2461,2457,2401,2407,2095,1688,1749,1587,1439,29959,29962,29945,6183,5397,5306,29985,29986,29988,29989]} 1. Nf3 c5 2. e4 d6 3. Bb5+ Bd7 4. Bxd7+ Nxd7 5. O-O Ngf6 6. Re1 Rc8 {B52: Sicilian: Moscow Variation with 3...Bd7.} 7. c3 e6 8. d4 cxd4 {The position is equal.} 9. cxd4 d5 10. e5 Ne4 11. Nbd2 Nxd2 12. Qxd2 Be7 13. Qf4 O-O 14. Qg4 {[#] Strongly threatening Bh6!} Re8 $146 ({Predecessor:} 14... Kh8 15. Re3 Rc6 16. Bd2 f5 17. exf6 Nxf6 18. Qh3 Ne4 19. Rxe4 dxe4 20. Ne5 Rf5 21. Nxc6 bxc6 {½-½ (41) Onischuk,V (2591)-Sharafiev,A (2403) Khanty-Mansiysk 2013}) 15. h4 Qc7 16. Bh6 {[%csl Gh6][%cal Rg4g7]} g6 (16... Bf8 $11) 17. Qf4 $14 Qc2 {[#]} 18. g4 $1 b6 19. b3 Ba3 {Loses the game.} ({Black should try} 19... Qb2 $1 $14) 20. Kg2 $40 {[%mdl 128] Black is in trouble.} Qb2 (20... Be7 $16) 21. Ng5 $18 Re7 22. Rad1 Rc2 23. Re3 Rc3 (23... Rc1 {was called for.} 24. Qf3 Bb4) 24. h5 Qc2 $2 (24... Rxe3 25. Qxe3 Qc2) 25. Rxc3 Qxc3 {[#]} 26. Nxh7 $1 {[%mdl 512]} Kxh7 27. Bg5 Kg8 {next ...f6! is good for Black.} 28. Bxe7 Bxe7 29. Rc1 Qb4 30. Rc8+ Nf8 31. h6 g5 {[#]} 32. h7+ $1 {[%mdl 512]} Kg7 {[#]} (32... Kxh7 33. Qxf7+) 33. h8=Q+ $1 {[%mdl 576] Deflection} Kxh8 34. Qxf7 {Rc1 would kill now.} Qxd4 35. Rxf8+ ({And not} 35. Qxe7 Qxg4+ 36. Kh2 Qf4+ 37. Kg1 Qg4+ 38. Kf1 Qd1+ 39. Kg2 Qg4+ 40. Kf1 Qd1+ 41. Kg2 Qg4+ $11) 35... Bxf8 36. Qxf8+ {[%mdl 4096] Endgame KQ-KQ} Kh7 37. Qf7+ {[%mdl 64] Double Attack} Kh8 38. Qh5+ {[%mdl 64] Double Attack} Kg7 39. Qxg5+ Kh7 40. Qe7+ Kh8 41. Qf6+ (41. Qf8+ $142 Kh7 42. Qf7+ Kh8 43. Qxe6 Qf4 44. Qf5 Qb4 45. e6 Qe7 46. Qxd5) 41... Kh7 42. Qxe6 Qd1 43. Qf5+ Kg8 44. e6 {Accuracy: White = 93%, Black = 44%.} 1-0

[Event "Clutch Chess International"]
[Site "Saint Louis"]
[Date "2020.06.07"]
[Round "1.3"]
[White "Dominguez Perez, Leinier"]
[Black "Caruana, Fabiano"]
[Result "0-1"]
[WhiteElo "2786"]
[BlackElo "2773"]
[Annotator "TA"]
[PlyCount "90"]
[EventDate "2020.06.05"]
[EventType "k.o."]
[EventCountry "USA"]
[SourceTitle "playchess.com"]
[Source "ChessBase"]
[SourceQuality "1"]

{[%evp 16,90,7,-14,41,35,41,41,33,32,34,42,36,25,121,50,39,29,64,70,92,0,10,-22,-22,-15,-15,-21,-12,-31,-13,-10,0,0,0,0,0,-6,0,0,0,0,0,0,0,0,0,0,0,0,0,0,0,0,0,0,0,0,0,0,0,0,0,0,0,0,0,0,0,-800,-809,-1045,-995,-6095,-5735,-2850,-1890]} 1. e4 e5 2. Nf3 Nc6 3. Bb5 Nf6 4. O-O Nxe4 5. Re1 Nd6 6. Nxe5 Be7 7. Bd3 Nxe5 8. Rxe5 O-O 9. Nc3 g6 $5 {[%mdl 4] A promising side line. C67: Ruy Lopez: Berlin Defence: 4 0-0 Nxe4.} (9... Ne8 $11) 10. Nd5 $14 {[#]} Bh4 $146 ({Predecessor:} 10... Bf6 11. Nxf6+ Qxf6 12. Qe2 b6 13. Rb1 Bb7 14. b3 Rfe8 15. Bb2 Rxe5 16. Qxe5 Qxe5 17. Bxe5 {1-0 (74) Djonin,B (2288)-Ivanovic,M (2156) Pancevo 2005}) 11. b3 c6 {White is slightly better.} 12. Ba3 cxd5 13. Bxd6 ({Worse is} 13. Rxd5 Ne8 $17) 13... Bxf2+ 14. Kh1 Bd4 {[#]} (14... Qf6 $1 $11 15. Rxd5 Re8) 15. Rxd5 ({Better is} 15. Re2 $1 $16) 15... Bxa1 16. Bxf8 Bf6 17. Bd6 b6 {[#]} 18. Qg4 ({White should try} 18. Qf1 $1 $16 Bh8 19. Bc4) 18... Qe8 {( -> ...Qe1+)} 19. Bg3 Bb7 $36 {[%mdl 2048] Black is pushing.} 20. Rf5 Qe6 {[%mdl 64] Threatens to win with ...h5! Pin} 21. Rf4 $1 {aiming for Qxe6.} Be5 (21... Kg7 {is interesting.} 22. Kg1 Bc6 23. Qxe6 dxe6 24. Be4 Bxe4 25. Rxe4 Rd8) 22. Qxe6 (22. Ra4 {looks sharper.} Qxg4 23. Rxg4 h5 24. Ra4 Bxg3 25. hxg3 Bc6 26. Rd4) 22... fxe6 23. Rg4 Bxg3 24. Rxg3 $11 {[%mdl 4096] Endgame KRB-KRB} Kf7 25. Kg1 e5 26. Rh3 h5 27. Rg3 Rg8 28. h4 Kf6 29. Kf2 Bd5 30. c3 Be6 31. Be2 a5 32. Ke3 Rc8 33. Rf3+ Bf5 34. Rf1 d5 35. g3 Ke6 36. Ba6 Rc7 37. Bb5 Rg7 38. Be2 Rd7 39. d4 Rc7 40. c4 Kd6 41. Rd1 {Threatening dxe5+.} Re7 {Strongly threatening ...exd4+.} 42. dxe5+ $2 {[%mdl 8192]} (42. Kf2 $11) 42... Rxe5+ $19 {Black is clearly winning.} 43. Kf2 {[#]} Rxe2+ $1 {[%mdl 576] Remove Defender} 44. Kxe2 Bg4+ 45. Kd2 Bxd1 {Accuracy: White = 79%, Black = 87%.} 0-1

[Event "Clutch Chess International"]
[Site "Saint Louis"]
[Date "2020.06.07"]
[Round "1.3"]
[White "Aronian, Levon"]
[Black "Grischuk, Alexander"]
[Result "1-0"]
[WhiteElo "2778"]
[BlackElo "2784"]
[Annotator "TA"]
[PlyCount "85"]
[EventDate "2020.06.05"]
[EventType "k.o."]
[EventCountry "USA"]
[SourceTitle "playchess.com"]
[Source "ChessBase"]
[SourceQuality "1"]

{[%evp 20,85,32,9,8,0,22,21,27,29,39,27,31,31,24,8,18,10,16,0,0,-26,-24,-11,-10,-31,-22,-26,-13,-42,0,-94,-20,-57,0,-39,0,-49,-38,-51,0,0,0,0,20,12,16,4,112,103,96,62,90,97,177,177,268,254,256,236,235,225,29994,29995,29996,29997,29997,419]} 1. d4 Nf6 2. c4 e6 3. Nf3 d5 4. Nc3 c6 5. e3 Nbd7 6. Qc2 Bd6 7. Bd3 O-O 8. O-O dxc4 9. Bxc4 c5 10. Rd1 a6 11. a4 cxd4 {D46: Semi-Slav: 5 e3 Nbd7 6 Bd3, Black avoids the Meran.} 12. exd4 Nb6 $5 {[%mdl 4] An interesting side line.} 13. Bb3 Bd7 {The position is equal.} 14. Bg5 Rc8 15. Qd3 {And now d5 would win.} Bc6 16. Bc2 g6 {[#]} 17. Ne5 $146 ({Predecessor:} 17. Bb3 Be7 18. Ne5 Nbd5 19. Rac1 a5 20. h4 Re8 21. Bc4 Nd7 22. Ne4 N5f6 23. Bxf6 Bxf6 24. Nxd7 Bxd7 {1-0 (71) Le,Q (2624)-Harikrishna,P (2672) Kolkata 2009}) 17... Be7 18. Bh6 Re8 $1 19. Qh3 Nbd5 20. Re1 {Black should prevent Nxf7!} Bf8 21. Bb3 Nh5 22. Bxd5 Bxd5 23. Bxf8 Rxf8 24. Rad1 Rc7 (24... Nf4 $5 {[%cal Rf4h3]} 25. Qh6 Nxg2 26. Nxd5 Qxd5 $15) 25. Re3 (25. Ng4 $11) 25... Re8 (25... Bb3 $17 26. Rd2 f6) 26. Ng4 Kg7 ({Black should play} 26... Bb3 $15 27. Rd2 {[#]} Bxa4 $1 {[%mdl 576] Back Rank}) 27. Re5 f6 28. Rxh5 gxh5 29. Qxh5 Rf8 (29... Bb3 $1 $15 30. Qh6+ Kh8) 30. Nxd5 $11 exd5 31. Ne3 $36 {[%mdl 2048] White fights for an advantage.} Kh8 32. Nxd5 Rg7 {[#] White must now prevent ...Rg5.} 33. Nf4 Qd6 (33... Qe8 $1 $11) 34. Qf3 $16 Re8 35. g3 Rge7 36. Kg2 Re4 (36... Qc6 $16) 37. d5 $18 f5 (37... R4e7 {was necessary.} 38. Ne6 Qe5) 38. Ne6 Re5 39. Qc3 {f4 is the strong threat.} Kg8 {aiming for ...R5xe6.} 40. Rd3 Re7 $2 (40... b6 $18 41. Kg1 Kf7) 41. Qc8+ {White mates.} Kf7 42. Qf8+ Kg6 43. Nf4+ {Accuracy: White = 76%, Black = 54%.} 1-0

[Event "Clutch Chess International"]
[Site "Saint Louis"]
[Date "2020.06.06"]
[Round "1.3"]
[White "So, Wesley"]
[Black "Vachier-Lagrave, Maxime"]
[Result "1/2-1/2"]
[WhiteElo "2741"]
[BlackElo "2860"]
[Annotator "TA"]
[PlyCount "52"]
[EventDate "2020.06.05"]
[EventCountry "USA"]
[SourceTitle "playchess.com"]
[Source "ChessBase"]
[SourceQuality "1"]

{[%evp 12,52,18,19,26,1,22,27,31,23,25,20,18,19,25,13,22,0,14,0,39,12,19,14,75,75,75,75,75,72,67,69,71,0,0,0,0,0,0,0,0,0,0]} 1. d4 d5 2. c4 c6 3. Nf3 Nf6 4. e3 Bf5 5. Nc3 e6 6. Nh4 Be4 7. f3 Bg6 {D12: Slav Defence: 3 Nf3 Nf6 4 e3 Bf5.} 8. Bd2 Be7 9. Nxg6 hxg6 {White has an edge.} 10. Qc2 dxc4 11. Bxc4 Nbd7 12. O-O-O b5 13. Be2 a6 14. Kb1 {[#]} c5 $146 ({Predecessor:} 14... Rc8 15. Bc1 c5 16. d5 exd5 17. Nxd5 Nxd5 18. Rxd5 Qc7 19. h4 Rxh4 20. Rxh4 Bxh4 21. f4 Be7 22. Qd1 Nf6 23. Re5 Nd7 24. Rd5 Nf6 25. Re5 Nd7 26. Rd5 {½-½ (26) Lupulescu,C (2525)-Miron,L (2432) Bucharest 2019}) 15. d5 Nxd5 16. Nxd5 exd5 17. Bc3 b4 (17... Nf6 $11) 18. Bxg7 $16 Rh7 19. Rxd5 {[#] Be5 is the strong threat.} Rxg7 20. Rhd1 Ra7 21. Qa4 $36 {[%mdl 2048] Black is under pressure.} Qc8 {[#]} 22. Bb5 (22. f4 $1 $16) 22... axb5 $11 {The position is equal.} 23. Qxa7 {[%cal Rd5d7]} Nf6 $1 {[%cal Rf6d5]} 24. Re5 {[%csl Ge5][%cal Ra7e7]} Nd7 25. Red5 {[%cal Rd5d7]} Nf6 $1 {[%cal Rf6d5]} 26. Re5 {[%csl Ge5][%cal Ra7e7]} Nd7 {Accuracy: White = 84%, Black = 81%.} 1/2-1/2

[Event "Clutch Chess International"]
[Site "Saint Louis"]
[Date "2020.06.06"]
[Round "1.4"]
[White "Vachier-Lagrave, Maxime"]
[Black "So, Wesley"]
[Result "0-1"]
[WhiteElo "2860"]
[BlackElo "2741"]
[Annotator "TA"]
[PlyCount "90"]
[EventDate "2020.06.05"]
[EventType "k.o."]
[EventCountry "USA"]
[SourceTitle "playchess.com"]
[Source "ChessBase"]
[SourceQuality "1"]

{[%evp 12,90,22,9,0,0,0,16,5,3,31,0,0,0,0,0,0,-52,0,0,47,28,40,42,67,24,35,27,16,22,36,29,50,45,51,46,64,-69,-69,-62,-70,-164,-164,-184,-192,-253,-171,-171,-171,-152,-98,-98,-98,-98,-77,-77,-55,-171,-171,-171,-170,-170,-170,-170,-170,-172,-172,-788,-673,-623,-708,-664,-614,-577,-562,-571,-504,-432,-172,-1140,-1062]} 1. d4 Nf6 2. c4 e6 3. Nc3 Bb4 4. Qc2 d5 5. cxd5 Qxd5 6. Nf3 Qf5 7. Qb3 Nc6 $1 {[%cal Bb8c6,Bc6b4,Bb4c2][%mdl 32] The main line 7...Nc6 scores better than 7...c5. E34: Nimzo-Indian: Classical: 4...d5.} 8. Bd2 O-O 9. h3 a5 {The position is equal.} 10. g4 a4 $5 {[%mdl 4] [#] Exploring less charted territory.} 11. Qxb4 $146 ({Predecessor:} 11. Qd1 Qa5 12. a3 Bxc3 13. Bxc3 Qd5 14. Bg2 Ne4 15. O-O Qd6 16. Nd2 Nxd2 17. Qxd2 {½-½ (31) Pacan Milej,K (2247)-Gavrilescu,D (2475) Teplice 2019}) 11... Nxb4 12. gxf5 Nc2+ {[%mdl 64] Double Attack} 13. Kd1 Nxa1 14. e3 (14. Rg1 $11) 14... a3 (14... exf5 $15 15. Kc1 b5 $1 {[%mdl 512]}) 15. bxa3 $11 exf5 16. Kc1 $1 Be6 17. Kb2 Ne4 18. Nxe4 ({Wrong is} 18. Kxa1 $2 Rxa3 19. Kb2 Rfa8 $19) (18. d5 $5 {[%cal Rd5e6]} Rfd8 19. dxe6 Nxd2 20. Nd4 $14) 18... fxe4 19. d5 Bxd5 ({Of course not} 19... exf3 20. dxe6 fxe6 21. Bc4 $16) 20. Nd4 $1 c5 21. Nb5 {[%mdl 1024] White has compensation.} Rfd8 22. Bc3 Bc6 {And now ...Rd1 would win.} 23. Rg1 g6 {aiming for ...Rd1.} 24. Be2 {[#]} ({White has to play} 24. Bc4 $1 $14) 24... Rd3 $1 $15 25. Bxd3 exd3 26. Rxa1 (26. Nd6 $1 $15 Nc2 27. Rd1) 26... Bxb5 {[%mdl 4096] Endgame KRB-KRB} 27. Bd2 Ra4 28. f4 (28. Rc1 {is a better defense.}) 28... Rc4 {...Rc2+ is the strong threat.} 29. Rc1 Rxc1 30. Bxc1 $19 {KB-KB} f5 ({Black should try} 30... Bd7 31. h4 Kg7) 31. Kc3 $17 Kf7 32. a4 Ba6 33. Ba3 c4 34. Bc5 (34. Bb4 $15) 34... Ke6 $19 35. h4 Kd5 36. Bd4 Ke4 37. Kd2 Kf3 38. a5 Bb5 39. a3 $2 (39. Ba1) 39... Be8 40. Bf6 Bf7 41. Bd4 Kg3 42. Bf6 Kg4 43. Bg5 Bd5 44. Bf6 h6 45. Bg7 $2 {[#]} (45. Kc3) 45... g5 $1 {Accuracy: White = 59%, Black = 83%.} 0-1

[Event "Clutch Chess International"]
[Site "Saint Louis"]
[Date "2020.06.07"]
[Round "1.4"]
[White "Grischuk, Alexander"]
[Black "Aronian, Levon"]
[Result "1/2-1/2"]
[WhiteElo "2784"]
[BlackElo "2778"]
[Annotator "TA"]
[PlyCount "115"]
[EventDate "2020.06.05"]
[EventType "k.o."]
[EventCountry "USA"]
[SourceTitle "playchess.com"]
[Source "ChessBase"]
[SourceQuality "1"]

{[%evp 12,114,10,12,0,0,24,18,10,0,0,0,10,7,14,0,16,0,8,8,8,8,6,16,83,66,110,112,100,88,124,103,288,87,99,98,85,74,77,81,106,97,90,75,146,136,145,151,168,170,249,243,242,240,213,199,203,80,81,8,21,8,8,8,59,59,59,59,59,62,72,72,72,72,72,72,72,72,72,72,79,79,79,79,79,79,134,79,344,72,72,8,103,8,8,8,8,8,108,159,159,8,8,8,8]} 1. d4 Nf6 2. c4 e6 3. Nf3 d5 4. g3 Be7 5. Bg2 O-O 6. Nc3 Nbd7 7. Qd3 b6 {E06: Closed Catalan: Early deviations.} 8. cxd5 Nxd5 9. O-O Bb7 10. Nxd5 exd5 11. Bf4 c5 12. b3 {[#]} a5 $146 ({Predecessor:} 12... Bf6 13. Rac1 Re8 14. Rfd1 a5 15. e3 a4 16. h4 h6 17. Bh3 axb3 18. axb3 Bc6 {1-0 (48) Dominguez Perez,L (2732)-Sargissian,G (2702) Huaian 2016}) 13. a4 Bf6 14. Rfd1 cxd4 15. Nxd4 Nc5 16. Qb1 Re8 17. Ra2 Qd7 (17... Bxd4 $11 18. Rxd4 Ne6) 18. Nb5 $1 $16 Be5 19. Bxe5 Rxe5 20. Rad2 Rd8 21. e4 Ba6 $2 (21... Qe7 $16 {was necessary.}) 22. Rxd5 $2 (22. f4 $18 {and White stays clearly on top.} Ree8 23. Rxd5) 22... Rxd5 23. Rxd5 $40 {[%mdl 128] White is out for blood.} Qe7 24. Qd1 Rxd5 25. Qxd5 Bxb5 26. axb5 g6 27. e5 Kg7 ({Black should try} 27... Qe6) 28. Bf1 Nd7 29. Qd4 {Black must now prevent e6+.} Kg8 30. f4 g5 (30... Qc5 {was called for.} 31. Qxc5 Nxc5) 31. Bc4 $18 gxf4 32. gxf4 Nc5 33. Kg2 Qh4 34. Qe3 (34. h3 $18 {is more deadly.}) 34... Kf8 35. h3 (35. Qf3 $1 $16) 35... Qh5 $1 $11 36. Qd2 {Hoping for Qd8+.} Qg6+ 37. Kh2 Qf5 (37... Ke8 $11) 38. Qd8+ $1 $14 Kg7 39. Qg5+ $1 Qxg5 40. fxg5 {[%mdl 4096] Endgame KB-KN} Nd7 41. e6 fxe6 42. Bxe6 Nc5 43. Bd5 $1 h6 44. gxh6+ Kxh6 45. Kg3 a4 46. bxa4 Nxa4 47. Kg4 Nc3 {[#]} 48. Bc4 $1 Kg7 {[#]} (48... Kg6 $142) 49. Kg5 (49. Kf3 $142 $1) 49... Kh8 $2 {[%mdl 8192]} (49... Ne4+ $16 {is a better defense.} 50. Kf4 Nd6) 50. h4 $2 (50. Kf6 $18 Nxb5 51. h4) 50... Kg7 $16 51. h5 (51. Kh5 $16) 51... Kh8 (51... Ne4+ $11 {remains equal.} 52. Kf4 Nc3) 52. h6 (52. Kh6 $16) 52... Nxb5 $11 53. Bxb5 {KB-KP} Kh7 54. Bd3+ Kh8 55. Kg6 (55. Kg4 $142) 55... b5 $16 56. Bxb5 $2 (56. Kf5 $16) 56... Kg8 $11 57. h7+ Kh8 58. Kh6 {Accuracy: White = 69%, Black = 65%.} 1/2-1/2